Chicago Red Line Stops Quiz Stats

 Plays Quiz not verified by Sporcle

Challenge
Share
Tweet
Embed
Score 0/33 Timer 20:00
0 Plays Today
Stop % Correct
Addison
90.5%
Howard
86.3%
95th
85.3%
Belmont
83.7%
Chicago
83.2%
Lake
75.8%
Fullerton
73.7%
Clark
72.1%
Jackson
70%
North
69.5%
Grand
67.9%
Loyola
67.4%
Monroe
67.4%
Sheridan
66.8%
Roosevelt
63.2%
Bryn Mawr
61.6%
Berwyn
56.8%
Stop % Correct
Jarvis
55.3%
Wilson
54.7%
Argyle
53.7%
Harrison
51.6%
Lawrence
50%
Morse
49.5%
Granville
49.5%
87th
48.9%
Thorndale
45.8%
63rd
45.8%
79th
45.8%
Sox-35th
44.2%
69th
42.1%
Cermak-Chinatown
39.5%
47th
38.9%
Garfield
38.9%

You're not logged in!

Compare scores with friends on all Sporcle quizzes.
Join for Free
OR
Log In

You Might Also Like...

Show Comments

Extras

Created Oct 15, 2009ReportNominate
Tags:chicago, red, Red Line, stop

Top Quizzes Today


Score Distribution

Your Account Isn't Verified!

In order to create a playlist on Sporcle, you need to verify the email address you used during registration. Go to your Sporcle Settings to finish the process.

Report this User

Report this user for behavior that violates our Community Guidelines.

Details: